000 00396nam a2200133Ia 4500
003 GCL
008 140319s9999 xx 000 0 ara d
040 _aGCL /
_cGCL
082 0 4 _a953.0711
_bح ث
245 1 0 _aثورات البربر فى الاندلس فى عصر الامارة الاموية
260 _a[S.N] :
_bمؤسسة شباب الجامعة ،
_c1993
300 _a88 ص
490 _a
999 _c31776
_d31776